| 000 | 00000nam 2200000za 4500 |
| 001 | 9.822259 |
| 003 | CaOODSP |
| 005 | 20240219183454 |
| 007 | cr ||||||||||| |
| 008 | 160809s2011 oncado o f000 0 eng d |
| 040 | |aCaOODSP|beng |
| 043 | |an-cn--- |
| 086 | 1 |aD68-8/543-2011E-PDF |
| 245 | 00|aTowards greener munitions with less environmental impacts |h[electronic resource] : |bthe RIGHTTRAC Project / |cSylvie Brochu ... [et al.]. |
| 260 | |a[Ottawa] : |bDefence Research and Development Canada, |c[2011] |
| 300 | |a25, [1] p. : |bill. |
| 490 | 1 |aScientific literature ; |v2011-543 |
| 500 | |a"Human and Environmental Toxicology of Munitions- Related Compounds – from Cradle to Grave, April 2011, Amsterdam, The Netherlands." |
| 692 | 07|2gccst|aWeapons |
| 692 | 07|2gccst|aExplosives |
| 692 | 07|2gccst|aEnvironmental impact |
| 700 | 1 |aBrochu, Sylvie,|d1966- |
| 710 | 2 |aDefence R&D Canada. |
| 710 | 2 |aCentre for Security Science (Canada) |
| 830 | #0|aScientific literature (Defence R&D Canada)|v2011-543|w(CaOODSP)9.822195 |
| 856 | 40|qPDF|s2.36 MB|uhttps://publications.gc.ca/collections/collection_2016/rddc-drdc/D68-8-543-2011-eng.pdf |